|
|
|
|
| LEADER |
00917naa a2200205 i 4500 |
| 001 |
acta83008 |
| 005 |
20240115112709.0 |
| 008 |
240115s2018 hu o 1|| hun d |
| 040 |
|
|
|a SZTE Egyetemi Kiadványok Repozitórium
|b hun
|
| 041 |
|
|
|a hun
|
| 100 |
1 |
|
|a Csíki Ottó
|
| 245 |
1 |
0 |
|a Vevőérték-számítási módszer alkalmazása a hűségesítési döntések megalapozására
|h [elektronikus dokumentum] :
|b [absztrakt] /
|c Csíki Ottó
|
| 260 |
|
|
|c 2018
|
| 300 |
|
|
|a 72
|
| 490 |
0 |
|
|a Móra Kárpát-medencei Interdiszciplináris Szakkollégiumi Konferencia
|v 2
|
| 650 |
|
4 |
|a Társadalomtudományok
|
| 650 |
|
4 |
|a Közgazdasági és gazdálkodástudományok
|
| 695 |
|
|
|a Marketing - előadáskivonat
|
| 711 |
|
|
|a II. Móra Interdiszciplináris Kárpát-medencei Szakkollégiumi Konferencia
|c Szeged
|d 2018. november 30.-december 2.
|
| 856 |
4 |
0 |
|u http://acta.bibl.u-szeged.hu/83008/1/morakonf_2018_072.pdf
|z Dokumentum-elérés
|